| 000 | 01495nam a2200253 a 4500 | ||
|---|---|---|---|
| 001 | 59302 | ||
| 003 | BD-RjUL | ||
| 005 | 20211209080720.0 | ||
| 008 | 161222s1954 pk 000 0 eng d | ||
| 020 | _c: Prs. 3.00 | ||
| 035 | _a(BD-RjUL)59426 | ||
| 040 |
_aDLC _cNDD _dBD-RjUL _beng |
||
| 041 | 0 |
_aeng _aurd |
|
| 082 |
_223 _bMUD 1954 _a342.549 |
||
| 100 | 0 |
_aMufakkir _9176392 |
|
| 245 | 1 | 2 |
_aA draft modern Islamic constitution for Pakistan / _cby Mufakkir. |
| 260 |
_aKarachi : _bLion Art Press, _c[1954] |
||
| 300 |
_axv, 42, iv, [43]-127, 19 p. ; _c18 cm. |
||
| 500 | _aIncludes examples from Mufakkir's draft of an Islamic constitution for Pakistan, in Urdu, with added t.p. in Urdu: Pākistān ke liʼe jadīd Islāmī dastūr. | ||
| 500 | _a2nd section with t.p.: A few specimen pages from The concise encyclopedia of Islamic general knowledge : dealing with the definition of Islam, the theories of Islamic epistemology, ontology, cosmogony, cosmology eschatalogy, jurisprudence and economics. | ||
| 500 | _aPage vii numbered as leaf no. vii. Added t.p. in Arabic. "A few specimen pages from The concise encylopedia [sic] of Islamic general knowledge, by Muffakir, dealing with the definition of Islam, the theories of Islamic epistemology, ontology, cosmogony, cosmology, eschatalogy, jurisprudence and economics": pages iv, 44-127. Text of Constitution in Arabic, [27] p. at end, with paging in Arabic. | ||
| 650 |
_aConstitution _vHistory _zPakistan _9176636 |
||
| 942 |
_2ddc _cRAR |
||
| 999 |
_c59302 _d59302 |
||